000 00543nam a2200181Ia 4500
005 20251121142630.0
008 230125s9999 xx 000 0 und d
041 _aeng
082 _a158.1
_bADH
100 _aAdhia, J.
_9215247
245 _aSpring of Inspiration
_bThings First Happen in the Mind of Man Before They Happen, in This External World
260 _bAlpha International
_aAhmedabad
300 _a101p
500 _aPersonality Development
700 _aAdhia, J. & Anand Asodekar, Donor
_9215248
906 _b35
942 _cDB
999 _c93767
_d93767